| 000 | 00404cam a2200157ua 4500 | ||
|---|---|---|---|
| 041 |
_aeng _h |
||
| 082 |
_a331 _bHAR?FI |
||
| 100 | _aHare, A E C . | ||
| 245 |
_aFirst Principles of Industrial relations / _cA E C Hare. _hTextual Documents |
||
| 250 |
_a1 / _b. |
||
| 260 |
_aLondon : _bMacMillan and Company Limited , _c1963. |
||
| 300 | _a149 ; . | ||
| 504 | _a | ||
| 942 | _cBK | ||
| 999 |
_c3291 _d3291 |
||